Click a Movie, Initially - Best Actor Winners Quiz Stats

 Plays Quiz Updated Feb 28, 2019

Score 0/20 Timer 05:00
3 Plays Today
% Correct
To Kill A Mockingbird
86.3%
The Revenant
85.7%
Wall Street
83.6%
Dallas Buyers Club
82.2%
Milk
79.5%
Leaving Las Vegas
77.6%
Training Day
72.5%
Philadelphia
72.3%
There Will Be Blood
71.4%
Scent Of A Woman
67.6%
% Correct
The African Queen
67.2%
Network
64.6%
True Grit
64.5%
Hamlet
64.2%
High Noon
61.7%
Crazy Heart
56.6%
Cat Ballou
43%
Shine
41%
Reversal Of Fortune
38.9%
Kiss Of The Spider Woman
37.5%

You're not logged in!

Compare scores with friends on all Sporcle quizzes.
OR
Log In

You Might Also Like...

Show Comments

Extras

Top Quizzes Today


Score Distribution

Your Account Isn't Verified!

In order to create a playlist on Sporcle, you need to verify the email address you used during registration. Go to your Sporcle Settings to finish the process.

Report this User

Report this user for behavior that violates our Community Guidelines.

Details: